• 首页
  • 本馆介绍
  • 公告通知
  • 最新文献
  • 馆藏检索
  • 电子资源
  • 读者导购
  • 参考咨询
  • 我的图书馆
  • 登录
  • 详细信息显示
  • 放入我的书架
  • 预约/预借图书
  • 作者相关作品
  • 分类相关作品
  • 丛书相关作品
  • 出版社相关作品

书目信息

  • 表格格式
  • 工作单格式
  • 卡片格式
题名:
以梦为马
    
 
作者: 海子 著
分册:  
出版信息: 北京   北京十月文艺出版社  2016.3
页数: 281页
开本: 21cm
丛书名:
单 册:
中图分类: I227.1
科图分类:
主题词: 新诗--诗集--中国--当代
电子资源:
ISBN: 978-7-5302-1551-7
000 00642nam0 2200241 450
001 351681
005 20161017142209.98
010    @a978-7-5302-1551-7@b精装@dCNY39.50
100    @a20160317d2016 em y0chiy50 ea
101 0  @achi
102    @aCN@b110000
105    @aa z 000gy
106    @ar
200 1  @a以梦为马@e海子经典诗选@f海子著
210    @a北京@c北京十月文艺出版社@d2016.3
215    @a281页@c照片@d21cm
300    @a精装典藏版
517 1  @a海子经典诗选
606 0  @a新诗@x诗集@y中国@z当代
690    @aI227.1@v5
701  0 @a海子@f(1964~1989)@4著
801  0 @aCN@bTANGWEI@c20161009
905    @b0895980-4@dI227.1@e375@f5
    
    以梦为马:海子经典诗选/海子著.-北京:北京十月文艺出版社,2016.3
    281页:照片;21cm
    精装典藏版
    
    ISBN 978-7-5302-1551-7(精装):CNY39.50
    
●
相关链接 在E读中查询图书 在五车中查询图书 在当当中查询图书 在豆瓣中查询图书


正题名:以梦为马     索取号:I227.1/375         预约/预借

序号 登录号 条形码 馆藏地/架位号 状态 备注
1 0895980   208959803   第一样本阅览室/ [索取号:I227.1/375] 在馆    
2 0895981   208959812   第二借阅区/ [索取号:I227.1/375] 在馆    
3 0895982   208959821   第二借阅区/ [索取号:I227.1/375] 在馆    
4 0895983   208959830   第二借阅区/ [索取号:I227.1/375] 在馆    
5 0895984   208959849   第二借阅区/ [索取号:I227.1/375] 在馆    
唐山师范学院图书馆 欢迎您!
大连网信软件有限公司© 版权所有